000 002490000a22000970004500
100 1 _aKang, Wi Jo
245 1 0 _aThe legacy of Horace Newton Allen
300 _aVol. 20, Núm 3 (1996), Páginas 125-128
773 0 _tInternational Bulletin
942 _cANA
999 _c57401
_d57401